Telecom service directory : Jeddah governorate 1998-1999.

Bibliographic Details
Format: Book
Published: Jeddah: Transword Publicity, 1998.
Subjects:
LEADER 00506cam a2200145 7i4500
001 0000007477
005 20000315090000.0
090 0 0 |a SAUD 910.259538   |b TEL 
245 0 0 |a Telecom service directory :   |b Jeddah governorate 1998-1999. 
260 0 0 |a Jeddah:   |b Transword Publicity,   |c 1998. 
300 # # |a 148 p. 
650 0 0 |a Business --   |x Directories --   |z Saudi Arabia  
650 0 0 |a Yellow pages --   |x Directories --   |z Saudi Arabia  
651 0 0 |a Saudi Arabia  
999 |a 0000011000  |b Directories  |c Countries  |e Business Information Centre